Loading...
Science - Chemistry | 0 | 6 | 0 | 1 | 60 | 44 | 84.17 | 0 | 3 |
Fine Arts - Classical Music | 0 | 3 | 0 | 1 | 30 | 72 | 103.33 | 0 | 1 |
Literature - European Literature | 0 | 3 | 1 | 2 | 25 | 111 | 133.00 | 0 | 2 |
Science - Other Science | 0 | 2 | 0 | 2 | 20 | 113 | 113.00 | 0 | 0 |
History - Other History | 0 | 2 | 0 | 1 | 20 | 71 | 98.50 | 0 | 1 |
Science - Biology | 0 | 2 | 0 | 2 | 20 | 113 | 118.00 | 0 | 0 |
Literature - British Literature | 0 | 2 | 0 | 0 | 20 | 122 | 125.50 | 0 | 0 |
Philosophy | 0 | 1 | 0 | 0 | 10 | 134 | 134.00 | 0 | 0 |
Literature - American Literature | 0 | 1 | 0 | 0 | 10 | 127 | 127.00 | 0 | 0 |
Science - Physics | 0 | 1 | 0 | 0 | 10 | 84 | 84.00 | 0 | 0 |
Fine Arts - Other Fine Arts | 0 | 1 | 1 | 0 | 5 | 97 | 97.00 | 0 | 0 |
Social Science | 0 | 0 | 0 | 0 | 0 | 0.00 | 0 | 0 | |
Fine Arts - Visual Fine Arts | 0 | 0 | 0 | 0 | 0 | 0.00 | 0 | 0 | |
Religion | 0 | 0 | 1 | 0 | -5 | 0.00 | 0 | 0 | |
History - American History | 0 | 0 | 1 | 0 | -5 | 0.00 | 0 | 0 | |
Mythology | 0 | 0 | 2 | 0 | -10 | 0.00 | 0 | 0 | |
Literature - World/Other Literature | 0 | 0 | 2 | 0 | -10 | 0.00 | 0 | 0 |